[Event "14e Tournoi des 55 ans et plus de Muret"]
[Site "MURET (31)"]
[Date "2015.06.22"]
[Round "3.5"]
[White "Jean, Robert"]
[Black "Maruejols, Claude"]
[Result "1/2-1/2"]
[WhiteElo "1778"]
[BlackElo "1954"]
[Annotator ",cash31"]
[PlyCount "150"]
[EventDate "2015.??.??"]

1. c4 {[%emt 0:00:00]} Nf6 {[%emt 0:00:00]} 2. g3 {[%emt 0:00:00]} d5 {
[%emt 0:00:00]} 3. cxd5 {[%emt 0:00:00]} Nxd5 {[%emt 0:00:00]} 4. Bg2 {
[%emt 0:00:00]} Nb6 {[%emt 0:00:00]} 5. Nf3 {[%emt 0:00:00]} g6 {[%emt 0:00:00]
} 6. Nc3 {[%emt 0:00:00]} Bg7 {[%emt 0:00:00]} 7. O-O {[%emt 0:00:00]} Nc6 {
[%emt 0:00:00]} 8. d3 {[%emt 0:00:00]} O-O {[%emt 0:00:00]} 9. Bd2 {
[%emt 0:00:00]} e5 {[%emt 0:00:00]} 10. Rc1 {[%emt 0:00:00]} Nd4 {
[%emt 0:00:00]} 11. Ne1 {[%emt 0:00:00]} c6 {[%emt 0:00:00]} 12. e3 {
[%emt 0:00:00]} Ne6 {[%emt 0:00:00]} 13. Ne4 {[%emt 0:00:00]} Qe7 {
[%emt 0:00:00]} 14. a3 {[%emt 0:00:00]} Nd5 {[%emt 0:00:00]} 15. b4 {
[%emt 0:00:00]} Rd8 {[%emt 0:00:00]} 16. Qb3 {[%emt 0:00:00]} Bd7 {
[%emt 0:00:00]} 17. Rc2 {[%emt 0:00:00]} Be8 {[%emt 0:00:00]} 18. Bc1 {
[%emt 0:00:00]} f5 {[%emt 0:00:00]} 19. Nc5 {[%emt 0:00:00]} Bf7 {
[%emt 0:00:00]} 20. Qb1 {[%emt 0:00:00]} Rac8 {[%emt 0:00:00]} 21. Bb2 {
[%emt 0:00:00]} b6 {[%emt 0:00:00]} 22. Nxe6 {[%emt 0:00:00]} Bxe6 {
[%emt 0:00:00]} 23. Qa1 {[%emt 0:00:00]} Qd6 {[%emt 0:00:00]} 24. Nf3 {
[%emt 0:00:00]} c5 {[%emt 0:00:00]} 25. bxc5 {[%emt 0:00:00]} Rxc5 {
[%emt 0:00:00]} 26. Rxc5 {[%emt 0:00:00]} bxc5 {[%emt 0:00:00]} 27. Bxe5 {
[%emt 0:00:00]} Bxe5 {[%emt 0:00:00]} 28. Qxe5 {[%emt 0:00:00]} Qxe5 {
[%emt 0:00:00]} 29. Nxe5 {[%emt 0:00:00]} Nc3 {[%emt 0:00:00]} 30. Bf3 {
[%emt 0:00:00]} Rb8 {[%emt 0:00:00]} 31. Rc1 {[%emt 0:00:00]} Rb3 {
[%emt 0:00:00]} 32. Ra1 {[%emt 0:00:00]} Kg7 {[%emt 0:00:00]} 33. Nc6 {
[%emt 0:00:00]} a6 {[%emt 0:00:00]} 34. a4 {[%emt 0:00:00]} g5 {[%emt 0:00:00]}
35. Na5 {[%emt 0:00:00]} Rb4 {[%emt 0:00:00]} 36. Bc6 {[%emt 0:00:00]} f4 {
[%emt 0:00:00]} 37. Ra3 {[%emt 0:00:00]} Bh3 {[%emt 0:00:00]} 38. Rb3 {
[%emt 0:00:00]} Ne2+ {[%emt 0:00:00]} 39. Kh1 {[%emt 0:00:00]} fxe3 {
[%emt 0:00:00]} 40. fxe3 {[%emt 0:00:00]} Be6 {[%emt 0:00:00]} 41. Ra3 {
[%emt 0:00:00]} Rb2 {[%emt 0:00:00]} 42. Bf3 {[%emt 0:00:00]} Rb1+ {
[%emt 0:00:00]} 43. Kg2 {[%emt 0:00:00]} Ng1 {[%emt 0:00:00]} 44. g4 {
[%emt 0:00:00]} Nxf3 {[%emt 0:00:00]} 45. Kxf3 {[%emt 0:00:01]} Rb4 {
[%emt 0:00:04]} 46. e4 {[%emt 0:00:00]} Bd7 {[%emt 0:00:00]} 47. Rc3 {
[%emt 0:00:00]} Bxa4 {[%emt 0:00:00]} 48. Rxc5 {[%emt 0:00:00]} h6 {
[%emt 0:00:00]} 49. Rc4 {[%emt 0:00:00]} Bd1+ {[%emt 0:00:00]} 50. Kg3 {
[%emt 0:00:00]} Rb5 {[%emt 0:00:00]} 51. Rc7+ {[%emt 0:00:00]} Kf8 {
[%emt 0:00:00]} 52. Nc4 {[%emt 0:00:00]} a5 {[%emt 0:00:00]} 53. e5 {
[%emt 0:00:00]} Rd5 {[%emt 0:00:00]} 54. Nb2 {[%emt 0:00:00]} Be2 {
[%emt 0:00:00]} 55. Rh7 {[%emt 0:00:00]} Rxe5 {[%emt 0:00:00]} 56. Rxh6 {
[%emt 0:00:00]} Rb5 {[%emt 0:00:00]} 57. Nc4 {[%emt 0:00:00]} Bxd3 {
[%emt 0:00:00]} 58. Ne3 {[%emt 0:00:00]} Re5 {[%emt 0:00:00]} 59. Kf2 {
[%emt 0:00:00]} a4 {[%emt 0:00:00]} 60. Rh8+ {[%emt 0:00:00]} Kf7 {
[%emt 0:00:00]} 61. Ra8 {[%emt 0:00:00]} Re4 {[%emt 0:00:00]} 62. Ra5 {
[%emt 0:00:00]} Kg6 {[%emt 0:00:00]} 63. h3 {[%emt 0:00:00]} Rb4 {
[%emt 0:00:00]} 64. Kf3 {[%emt 0:00:00]} Be4+ {[%emt 0:00:00]} 65. Kf2 {
[%emt 0:00:00]} Rb2+ {[%emt 0:00:00]} 66. Ke1 {[%emt 0:00:00]} Ra2 {
[%emt 0:00:00]} 67. Ra6+ {[%emt 0:00:00]} Kf7 {[%emt 0:00:00]} 68. Nc4 {
[%emt 0:00:00]} Bc2 {[%emt 0:00:00]} 69. Ne5+ {[%emt 0:00:00]} Ke8 {
[%emt 0:00:00]} 70. Nc4 {[%emt 0:00:00]} Bb3 {[%emt 0:00:00]} 71. Ra8+ {
[%emt 0:00:00]} Ke7 {[%emt 0:00:00]} 72. Ra7+ {[%emt 0:00:00]} Kf6 {
[%emt 0:00:00]} 73. Ne3 {[%emt 0:00:00]} Rh2 {[%emt 0:00:00]} 74. Ra6+ {
[%emt 0:00:00]} Kg7 {[%emt 0:00:00]} 75. Ra7+ {[%emt 0:00:00]} Kf6 {
[%emt 0:00:00]} 1/2-1/2


*

[Event "14e Tournoi des 55 ans et plus de Muret"]
[Site "MURET (31)"]
[Date "2015.06.22"]
[Round "3.6"]
[White "Darrigues, Alain"]
[Black "Schrader, Edmond"]
[Result "1-0"]
[WhiteElo "1881"]
[BlackElo "1673"]
[Annotator ",cash31"]
[PlyCount "55"]
[EventDate "2015.??.??"]

1. d4 {[%emt 0:00:00]} Nf6 {[%emt 0:00:00]} 2. c4 {[%emt 0:00:00]} g6 {
[%emt 0:00:00]} 3. Nc3 {[%emt 0:00:00]} d5 {[%emt 0:00:00]} 4. Nf3 {
[%emt 0:00:00]} Bg7 {[%emt 0:00:00]} 5. Qb3 {[%emt 0:00:00]} e6 {[%emt 0:00:00]
} 6. Bg5 {[%emt 0:00:00]} c5 {[%emt 0:00:00]} 7. dxc5 {[%emt 0:00:00]} h6 {
[%emt 0:00:00]} 8. Bxf6 {[%emt 0:00:00]} Bxf6 {[%emt 0:00:00]} 9. cxd5 {
[%emt 0:00:00]} exd5 {[%emt 0:00:00]} 10. Nxd5 {[%emt 0:00:00]} Qa5+ {
[%emt 0:00:00]} 11. Nc3 {[%emt 0:00:00]} Be6 {[%emt 0:00:00]} 12. Qb5+ {
[%emt 0:00:00]} Qxb5 {[%emt 0:00:00]} 13. Nxb5 {[%emt 0:00:00]} Na6 {
[%emt 0:00:00]} 14. Nfd4 {[%emt 0:00:00]} Rd8 {[%emt 0:00:00]} 15. e3 {
[%emt 0:00:00]} Nxc5 {[%emt 0:00:00]} 16. b4 {[%emt 0:00:00]} Na6 {
[%emt 0:00:00]} 17. a3 {[%emt 0:00:00]} Ke7 {[%emt 0:00:00]} 18. Be2 {
[%emt 0:00:00]} Bd5 {[%emt 0:00:00]} 19. O-O {[%emt 0:00:00]} Bc6 {
[%emt 0:00:00]} 20. Nxa7 {[%emt 0:00:00]} Bxd4 {[%emt 0:00:00]} 21. Nxc6+ {
[%emt 0:00:00]} bxc6 {[%emt 0:00:00]} 22. exd4 {[%emt 0:00:00]} Nc7 {
[%emt 0:00:00]} 23. Bf3 {[%emt 0:00:00]} Rxd4 {[%emt 0:00:00]} 24. Bxc6 {
[%emt 0:00:00]} Rhd8 {[%emt 0:00:00]} 25. b5 {[%emt 0:00:00]} R8d6 {
[%emt 0:00:00]} 26. a4 {[%emt 0:00:00]} Ne6 {[%emt 0:00:00]} 27. a5 {
[%emt 0:00:00]} Nc5 {[%emt 0:00:00]} 28. a6 {[%emt 0:00:00]} 1-0
*

[Event "14e Tournoi des 55 ans et plus de Muret"]
[Site "MURET (31)"]
[Date "2015.06.22"]
[Round "3.8"]
[White "Koenig, Joel"]
[Black "Hocher, Eugene"]
[Result "1-0"]
[WhiteElo "1854"]
[BlackElo "1591"]
[Annotator ",cash31"]
[PlyCount "145"]
[EventDate "2015.??.??"]

1. Nc3 {[%emt 0:00:00]} Nf6 {[%emt 0:00:00]} 2. e4 {[%emt 0:00:00]} d6 {
[%emt 0:00:00]} 3. d4 {[%emt 0:00:00]} e5 {[%emt 0:00:00]} 4. dxe5 {
[%emt 0:00:00]} dxe5 {[%emt 0:00:00]} 5. Qxd8+ {[%emt 0:00:00]} Kxd8 {
[%emt 0:00:00]} 6. Bg5 {[%emt 0:00:05]} Nbd7 {[%emt 0:00:00]} 7. O-O-O {
[%emt 0:00:00]} c6 {[%emt 0:00:00]} 8. Nf3 {[%emt 0:00:00]} Kc7 {[%emt 0:00:00]
} 9. Bc4 {[%emt 0:00:00]} Bc5 {[%emt 0:00:00]} 10. Bh4 {[%emt 0:00:00]} Ng4 {
[%emt 0:00:00]} 11. Rhf1 {[%emt 0:00:00]} f6 {[%emt 0:00:00]} 12. h3 {
[%emt 0:00:00]} Nh6 {[%emt 0:00:00]} 13. g4 {[%emt 0:00:00]} g5 {[%emt 0:00:00]
} 14. Bg3 {[%emt 0:00:00]} Ng8 {[%emt 0:00:00]} 15. h4 {[%emt 0:00:00]} h6 {
[%emt 0:00:00]} 16. Rh1 {[%emt 0:00:00]} Nb6 {[%emt 0:00:00]} 17. Be2 {
[%emt 0:00:00]} Bxg4 {[%emt 0:00:00]} 18. hxg5 {[%emt 0:00:00]} Bxf3 {
[%emt 0:00:00]} 19. Bxf3 {[%emt 0:00:00]} Bd6 {[%emt 0:00:00]} 20. gxh6 {
[%emt 0:00:00]} Nxh6 {[%emt 0:00:00]} 21. Bh4 {[%emt 0:00:00]} Nd7 {
[%emt 0:00:00]} 22. Rh3 {[%emt 0:00:00]} Nf7 {[%emt 0:00:00]} 23. Bg4 {
[%emt 0:00:00]} Ng5 {[%emt 0:00:00]} 24. Rhh1 {[%emt 0:00:00]} Rad8 {
[%emt 0:00:00]} 25. Rdg1 {[%emt 0:00:00]} Be7 {[%emt 0:00:00]} 26. Bg3 {
[%emt 0:00:00]} Nc5 {[%emt 0:00:00]} 27. Rxh8 {[%emt 0:00:00]} Rxh8 {
[%emt 0:00:02]} 28. Re1 {[%emt 0:00:04]} Nce6 {[%emt 0:00:00]} 29. Rd1 {
[%emt 0:00:00]} Bd6 {[%emt 0:00:00]} 30. a3 {[%emt 0:00:00]} Nd4 {
[%emt 0:00:00]} 31. Rf1 {[%emt 0:00:00]} Ngf3 {[%emt 0:00:00]} 32. b4 {
[%emt 0:00:00]} Rg8 {[%emt 0:00:00]} 33. Bxf3 {[%emt 0:00:00]} Nxf3 {
[%emt 0:00:00]} 34. Rh1 {[%emt 0:00:00]} Ng5 {[%emt 0:00:00]} 35. Rh6 {
[%emt 0:00:00]} Rf8 {[%emt 0:00:00]} 36. Rg6 {[%emt 0:00:00]} Ne6 {
[%emt 0:00:00]} 37. Kb2 {[%emt 0:00:00]} Rf7 {[%emt 0:00:00]} 38. Ne2 {
[%emt 0:00:00]} Kd7 {[%emt 0:00:00]} 39. Bh4 {[%emt 0:00:00]} Be7 {
[%emt 0:00:00]} 40. Ng3 {[%emt 0:00:00]} Nf4 {[%emt 0:00:00]} 41. Rh6 {
[%emt 0:00:00]} Ng2 {[%emt 0:00:00]} 42. Nf5 {[%emt 0:00:00]} Nxh4 {
[%emt 0:00:00]} 43. Rxh4 {[%emt 0:00:00]} Bf8 {[%emt 0:00:00]} 44. Kb3 {
[%emt 0:00:00]} Ke6 {[%emt 0:00:00]} 45. Rh8 {[%emt 0:00:00]} b6 {
[%emt 0:00:00]} 46. a4 {[%emt 0:00:00]} a5 {[%emt 0:00:00]} 47. Ne3 {
[%emt 0:00:00]} c5 {[%emt 0:00:00]} 48. b5 {[%emt 0:00:00]} c4+ {[%emt 0:00:00]
} 49. Kxc4 {[%emt 0:00:00]} Rc7+ {[%emt 0:00:00]} 50. Kb3 {[%emt 0:00:00]} Bc5
{[%emt 0:00:00]} 51. c3 {[%emt 0:00:00]} Rd7 {[%emt 0:00:00]} 52. Kc2 {
[%emt 0:00:00]} Rc7 {[%emt 0:00:00]} 53. Kb3 {[%emt 0:00:00]} Rd7 {
[%emt 0:00:00]} 54. Re8+ {[%emt 0:00:00]} Kf7 {[%emt 0:00:00]} 55. Rc8 {
[%emt 0:00:00]} Bf8 {[%emt 0:00:00]} 56. Rc6 {[%emt 0:00:00]} Kg6 {
[%emt 0:00:00]} 57. Nd5 {[%emt 0:00:00]} Bc5 {[%emt 0:00:00]} 58. f3 {
[%emt 0:00:00]} Kg5 {[%emt 0:00:00]} 59. Nxb6 {[%emt 0:00:00]} Bxb6 {
[%emt 0:00:00]} 60. Rxb6 {[%emt 0:00:00]} Rd3 {[%emt 0:00:00]} 61. Rc6 {
[%emt 0:00:00]} Rxf3 {[%emt 0:00:00]} 62. b6 {[%emt 0:00:00]} f5 {
[%emt 0:00:00]} 63. b7 {[%emt 0:00:00]} fxe4 {[%emt 0:00:00]} 64. b8=Q {
[%emt 0:00:00]} Rf5 {[%emt 0:00:00]} 65. Qd8+ {[%emt 0:00:00]} Kg4 {
[%emt 0:00:00]} 66. Rg6+ {[%emt 0:00:00]} Kf3 {[%emt 0:00:00]} 67. Qd1+ {
[%emt 0:00:00]} Kf2 {[%emt 0:00:00]} 68. Qd2+ {[%emt 0:00:00]} Kf3 {
[%emt 0:00:00]} 69. Qg2+ {[%emt 0:00:00]} Ke3 {[%emt 0:00:00]} 70. Qg1+ {
[%emt 0:00:00]} Kd3 {[%emt 0:00:00]} 71. Rd6+ {[%emt 0:00:00]} Ke2 {
[%emt 0:00:00]} 72. Qg4+ {[%emt 0:00:07]} Rf3 {[%emt 0:00:00]} 73. Qxe4+ {
[%emt 0:00:00]} 1-0



*

[Event "14e Tournoi des 55 ans et plus de Muret"]
[Site "MURET (31)"]
[Date "2015.06.22"]
[Round "3.9"]
[White "Heude, Jean-Noel"]
[Black "Tholey, Jean-Paul"]
[Result "0-1"]
[WhiteElo "1370"]
[BlackElo "1845"]
[Annotator ",cash31"]
[PlyCount "36"]
[EventDate "2015.??.??"]

1. d4 {[%emt 0:00:00]} Nf6 {[%emt 0:00:00]} 2. c4 {[%emt 0:00:00]} g6 {
[%emt 0:00:00]} 3. Nc3 {[%emt 0:00:00]} d5 {[%emt 0:00:00]} 4. Bf4 {
[%emt 0:00:00]} Bg7 {[%emt 0:00:00]} 5. e3 {[%emt 0:00:00]} O-O {[%emt 0:00:00]
} 6. Nf3 {[%emt 0:00:00]} c5 {[%emt 0:00:00]} 7. Bd3 {[%emt 0:00:00]} Nc6 {
[%emt 0:00:00]} 8. Be5 {[%emt 0:00:00]} dxc4 {[%emt 0:00:00]} 9. Bxc4 {
[%emt 0:00:00]} Qa5 {[%emt 0:00:00]} 10. O-O {[%emt 0:00:00]} cxd4 {
[%emt 0:00:00]} 11. Bxd4 {[%emt 0:00:00]} Bg4 {[%emt 0:00:00]} 12. Re1 {
[%emt 0:00:00]} e5 {[%emt 0:00:00]} 13. Bxe5 {[%emt 0:00:00]} Nxe5 {
[%emt 0:00:00]} 14. Bd5 {[%emt 0:00:00]} Nxd5 {[%emt 0:00:00]} 15. Nxd5 {
[%emt 0:00:00]} Rfd8 {[%emt 0:00:00]} 16. Qb3 {[%emt 0:00:00]} Qxd5 {
[%emt 0:00:00]} 17. Nxe5 {[%emt 0:00:00]} Qxb3 {[%emt 0:00:00]} 18. axb3 {
[%emt 0:00:00]} Bxe5 {[%emt 0:00:00]} 0-1


*

[Event "14e Tournoi des 55 ans et plus de Muret"]
[Site "MURET (31)"]
[Date "2015.06.22"]
[Round "3.10"]
[White "Riviere, Gerard"]
[Black "Orlovic, Lucie"]
[Result "1-0"]
[WhiteElo "1837"]
[BlackElo "1019"]
[Annotator ",cash31"]
[PlyCount "45"]
[EventDate "2015.??.??"]

1. d4 {[%emt 0:00:00]} d5 {[%emt 0:00:00]} 2. Nf3 {[%emt 0:00:00]} Nf6 {
[%emt 0:00:00]} 3. g3 {[%emt 0:00:00]} g6 {[%emt 0:00:00]} 4. Bg2 {
[%emt 0:00:00]} Bg7 {[%emt 0:00:00]} 5. c4 {[%emt 0:00:00]} b6 {[%emt 0:00:00]}
6. cxd5 {[%emt 0:00:00]} Nxd5 {[%emt 0:00:00]} 7. O-O {[%emt 0:00:00]} O-O {
[%emt 0:00:00]} 8. e4 {[%emt 0:00:00]} Nf6 {[%emt 0:00:00]} 9. Nc3 {
[%emt 0:00:00]} Nfd7 {[%emt 0:00:00]} 10. Bf4 {[%emt 0:00:00]} Re8 {
[%emt 0:00:00]} 11. Rc1 {[%emt 0:00:00]} e6 {[%emt 0:00:00]} 12. Nb5 {
[%emt 0:00:00]} Na6 {[%emt 0:00:00]} 13. Bxc7 {[%emt 0:00:00]} Qe7 {
[%emt 0:00:00]} 14. Bd6 {[%emt 0:00:00]} Qd8 {[%emt 0:00:00]} 15. e5 {
[%emt 0:00:00]} f6 {[%emt 0:00:00]} 16. Nc7 {[%emt 0:00:00]} Nxc7 {
[%emt 0:00:00]} 17. Bxc7 {[%emt 0:00:00]} Qe7 {[%emt 0:00:00]} 18. Bd6 {
[%emt 0:00:00]} Qf7 {[%emt 0:00:00]} 19. Rc7 {[%emt 0:00:00]} f5 {
[%emt 0:00:00]} 20. Ng5 {[%emt 0:00:00]} Ba6 {[%emt 0:00:00]} 21. Re1 {
[%emt 0:00:00]} Qf8 {[%emt 0:00:00]} 22. Bxf8 {[%emt 0:00:00]} Kxf8 {
[%emt 0:00:00]} 23. Bxa8 {[%emt 0:00:00]} 1-0

*

[Event "14e Tournoi des 55 ans et plus de Muret"]
[Site "MURET (31)"]
[Date "2015.06.22"]
[Round "3.11"]
[White "Auge, Jean"]
[Black "De Biasi, Robert"]
[Result "1/2-1/2"]
[WhiteElo "1745"]
[BlackElo "1603"]
[Annotator ",cash31"]
[PlyCount "51"]
[EventDate "2015.??.??"]

1. e4 {[%emt 0:00:00]} c5 {[%emt 0:00:00]} 2. g3 {[%emt 0:00:00]} b6 {
[%emt 0:00:00]} 3. Bg2 {[%emt 0:00:00]} Bb7 {[%emt 0:00:00]} 4. c4 {
[%emt 0:00:00]} Nf6 {[%emt 0:00:00]} 5. Nc3 {[%emt 0:00:00]} d6 {[%emt 0:00:00]
} 6. Nge2 {[%emt 0:00:00]} e6 {[%emt 0:00:00]} 7. O-O {[%emt 0:00:00]} Be7 {
[%emt 0:00:00]} 8. f4 {[%emt 0:00:00]} Nc6 {[%emt 0:00:00]} 9. h3 {
[%emt 0:00:00]} O-O {[%emt 0:00:00]} 10. d3 {[%emt 0:00:00]} Qd7 {
[%emt 0:00:00]} 11. f5 {[%emt 0:00:00]} exf5 {[%emt 0:00:00]} 12. Rxf5 {
[%emt 0:00:00]} g6 {[%emt 0:00:00]} 13. Rf1 {[%emt 0:00:00]} Nd4 {
[%emt 0:00:00]} 14. Nxd4 {[%emt 0:00:00]} cxd4 {[%emt 0:00:00]} 15. Ne2 {
[%emt 0:00:00]} b5 {[%emt 0:00:00]} 16. b3 {[%emt 0:00:00]} Nh5 {[%emt 0:00:00]
} 17. g4 {[%emt 0:00:00]} Ng7 {[%emt 0:00:00]} 18. Bb2 {[%emt 0:00:00]} f5 {
[%emt 0:00:00]} 19. Ng3 {[%emt 0:00:00]} fxg4 {[%emt 0:00:00]} 20. Qxg4 {
[%emt 0:00:00]} Qxg4 {[%emt 0:00:00]} 21. hxg4 {[%emt 0:00:00]} Bf6 {
[%emt 0:00:00]} 22. Ne2 {[%emt 0:00:00]} Ne6 {[%emt 0:00:00]} 23. cxb5 {
[%emt 0:00:00]} Bd5 {[%emt 0:00:00]} 24. a4 {[%emt 0:00:00]} Rac8 {
[%emt 0:00:00]} 25. Rfc1 {[%emt 0:00:00]} Rxc1+ {[%emt 0:00:00]} 26. Rxc1 {
[%emt 0:00:00]} 1/2-1/2



*

[Event "14e Tournoi des 55 ans et plus de Muret"]
[Site "MURET (31)"]
[Date "2015.06.22"]
[Round "3.12"]
[White "Parpinel, Mario"]
[Black "Fora, Jean-Paul"]
[Result "1/2-1/2"]
[WhiteElo "1612"]
[BlackElo "1533"]
[Annotator ",cash31"]
[PlyCount "55"]
[EventDate "2015.??.??"]

1. e4 {[%emt 0:00:00]} c6 {[%emt 0:00:00]} 2. d4 {[%emt 0:00:00]} d5 {
[%emt 0:00:00]} 3. Nc3 {[%emt 0:00:00]} dxe4 {[%emt 0:00:00]} 4. Nxe4 {
[%emt 0:00:00]} Bf5 {[%emt 0:00:00]} 5. Ng3 {[%emt 0:00:00]} Bg6 {
[%emt 0:00:00]} 6. Nf3 {[%emt 0:00:00]} Nd7 {[%emt 0:00:00]} 7. Bc4 {
[%emt 0:00:00]} e6 {[%emt 0:00:00]} 8. h4 {[%emt 0:00:00]} h6 {[%emt 0:00:00]}
9. h5 {[%emt 0:00:00]} Bh7 {[%emt 0:00:00]} 10. Bd3 {[%emt 0:00:00]} Bxd3 {
[%emt 0:00:00]} 11. Qxd3 {[%emt 0:00:00]} Qc7 {[%emt 0:00:00]} 12. Bd2 {
[%emt 0:00:00]} Ngf6 {[%emt 0:00:00]} 13. c4 {[%emt 0:00:00]} Bd6 {
[%emt 0:00:00]} 14. Ne2 {[%emt 0:00:00]} O-O-O {[%emt 0:00:00]} 15. O-O-O {
[%emt 0:00:00]} e5 {[%emt 0:00:00]} 16. dxe5 {[%emt 0:00:00]} Nxe5 {
[%emt 0:00:00]} 17. Nxe5 {[%emt 0:00:00]} Bxe5 {[%emt 0:00:00]} 18. Qf5+ {
[%emt 0:00:00]} Kb8 {[%emt 0:00:00]} 19. Bc3 {[%emt 0:00:00]} Bxc3 {
[%emt 0:00:00]} 20. Nxc3 {[%emt 0:00:00]} Rhe8 {[%emt 0:00:00]} 21. b3 {
[%emt 0:00:00]} Qc8 {[%emt 0:00:00]} 22. Rxd8 {[%emt 0:00:00]} Rxd8 {
[%emt 0:00:00]} 23. Qxc8+ {[%emt 0:00:00]} Kxc8 {[%emt 0:00:00]} 24. f3 {
[%emt 0:00:00]} Re8 {[%emt 0:00:00]} 25. Kd2 {[%emt 0:00:00]} Kc7 {
[%emt 0:00:00]} 26. g4 {[%emt 0:00:00]} Kd6 {[%emt 0:00:00]} 27. b4 {
[%emt 0:00:00]} b6 {[%emt 0:00:00]} 28. a4 {[%emt 0:00:00]} 1/2-1/2

*

[Event "14e Tournoi des 55 ans et plus de Muret"]
[Site "MURET (31)"]
[Date "2015.06.22"]
[Round "4.1"]
[White "Krauss, Michel"]
[Black "Dragojlovic, Andjelko"]
[Result "0-1"]
[WhiteElo "1960"]
[BlackElo "2331"]
[Annotator ",cash31"]
[PlyCount "68"]
[EventDate "2015.??.??"]

1. e4 {[%emt 0:00:00]} g6 {[%emt 0:00:00]} 2. d4 {[%emt 0:00:00]} Bg7 {
[%emt 0:00:00]} 3. Nc3 {[%emt 0:00:00]} d6 {[%emt 0:00:00]} 4. f4 {
[%emt 0:00:00]} a6 {[%emt 0:00:00]} 5. Nf3 {[%emt 0:00:00]} b5 {[%emt 0:00:00]}
6. e5 {[%emt 0:00:00]} Bb7 {[%emt 0:00:00]} 7. a3 {[%emt 0:00:00]} e6 {
[%emt 0:00:00]} 8. Bd3 {[%emt 0:00:00]} Ne7 {[%emt 0:00:00]} 9. Bd2 {
[%emt 0:00:00]} Nd7 {[%emt 0:00:00]} 10. O-O {[%emt 0:00:00]} Nb6 {
[%emt 0:00:00]} 11. b3 {[%emt 0:00:00]} O-O {[%emt 0:00:00]} 12. Ne4 {
[%emt 0:00:00]} Rb8 {[%emt 0:00:00]} 13. Qe1 {[%emt 0:00:00]} Bxe4 {
[%emt 0:00:00]} 14. Bxe4 {[%emt 0:00:00]} c5 {[%emt 0:00:00]} 15. dxc5 {
[%emt 0:00:00]} dxc5 {[%emt 0:00:00]} 16. Rd1 {[%emt 0:00:00]} Qc7 {
[%emt 0:00:00]} 17. Ba5 {[%emt 0:00:00]} Rfe8 {[%emt 0:00:00]} 18. Rd6 {
[%emt 0:00:00]} Bf8 {[%emt 0:00:00]} 19. Bxb6 {[%emt 0:00:00]} Rxb6 {
[%emt 0:00:00]} 20. Qa5 {[%emt 0:00:00]} Nc6 {[%emt 0:00:00]} 21. Rxc6 {
[%emt 0:00:00]} Rxc6 {[%emt 0:00:00]} 22. Qe1 {[%emt 0:00:00]} Rb6 {
[%emt 0:00:00]} 23. h4 {[%emt 0:00:00]} c4 {[%emt 0:00:00]} 24. b4 {
[%emt 0:00:00]} a5 {[%emt 0:00:00]} 25. c3 {[%emt 0:00:00]} axb4 {
[%emt 0:00:00]} 26. axb4 {[%emt 0:00:00]} Ra6 {[%emt 0:00:00]} 27. h5 {
[%emt 0:00:00]} Rd8 {[%emt 0:00:00]} 28. hxg6 {[%emt 0:00:00]} hxg6 {
[%emt 0:00:00]} 29. Qh4 {[%emt 0:00:00]} Bg7 {[%emt 0:00:00]} 30. Nd4 {
[%emt 0:00:00]} Qb6 {[%emt 0:00:00]} 31. Kh2 {[%emt 0:00:00]} Rxd4 {
[%emt 0:00:00]} 32. cxd4 {[%emt 0:00:00]} Qxd4 {[%emt 0:00:00]} 33. Bf3 {
[%emt 0:00:00]} Bxe5 {[%emt 0:00:00]} 34. g3 {[%emt 0:00:00]} Bf6 {
[%emt 0:00:00]} 0-1


*

[Event "14e Tournoi des 55 ans et plus de Muret"]
[Site "MURET (31)"]
[Date "2015.06.25"]
[Round "4.4"]
[White "Ruch, Bernard"]
[Black "Koenig, Joel"]
[Result "0-1"]
[WhiteElo "1981"]
[BlackElo "1854"]
[PlyCount "91"]
[EventDate "2015.??.??"]

1. d4 {[%emt 0:00:00]} d5 2. Nf3 Nc6 3. Bf4 Bf5 4. e3 e6 5. c3 Bd6 6. Nbd2 Nge7
7. Be2 O-O 8. O-O f6 9. Bxd6 Qxd6 10. Nh4 e5 11. Nxf5 Nxf5 12. e4 Nfe7 13. exd5
Nxd5 14. Ne4 Qd8 15. dxe5 Nxe5 16. Qb3 Nf7 17. Rad1 c6 18. Bc4 Qe7 19. Bxd5
cxd5 20. Qxd5 Rad8 21. Qf5 Rxd1 22. Rxd1 Re8 23. f3 Ne5 24. h4 b5 25. h5 h6 26.
Rd4 a6 27. Kh2 Kh8 28. Kh3 Nf7 29. f4 Rd8 30. Rxd8+ Qxd8 31. Ng3 Qd2 32. Qe4
Nd6 33. Qd4 Qxd4 34. cxd4 Kg8 35. Kg4 Kf7 36. Nf5 Ne8 37. Kf3 Nc7 38. Ke4 a5
39. d5 b4 40. d6 Ne6 41. g3 a4 42. Kd5 Nd8 43. d7 b3 44. axb3 axb3 45. Kd6 Ne6
46. Nxg7 0-1

[Event "14e Tournoi des 55 ans et plus de Muret"]
[Site "MURET (31)"]
[Date "2015.06.22"]
[Round "4.5"]
[White "Tholey, Jean-Paul"]
[Black "Darrigues, Alain"]
[Result "1/2-1/2"]
[WhiteElo "1845"]
[BlackElo "1881"]
[Annotator ",cash31"]
[PlyCount "22"]
[EventDate "2015.??.??"]

1. d4 {[%emt 0:00:00]} d5 {[%emt 0:00:00]} 2. c4 {[%emt 0:00:00]} c6 {
[%emt 0:00:00]} 3. Nc3 {[%emt 0:00:00]} Nf6 {[%emt 0:00:00]} 4. Bf4 {
[%emt 0:00:00]} a6 {[%emt 0:00:00]} 5. cxd5 {[%emt 0:00:00]} cxd5 {
[%emt 0:00:00]} 6. Nf3 {[%emt 0:00:00]} Nc6 {[%emt 0:00:00]} 7. Rc1 {
[%emt 0:00:00]} Nh5 {[%emt 0:00:00]} 8. Bd2 {[%emt 0:00:00]} Nf6 {
[%emt 0:00:00]} 9. Bf4 {[%emt 0:00:00]} Nh5 {[%emt 0:00:00]} 10. Bd2 {
[%emt 0:00:00]} Nf6 {[%emt 0:00:00]} 11. Bf4 {[%emt 0:00:00]} Nh5 {
[%emt 0:00:00]} 1/2-1/2

*